| 000 | 00957nam0a22002531 4500 | ||
|---|---|---|---|
| 001 | rc\534860 | ||
| 005 | 20250621122750.0 | ||
| 035 | _a(NLR Aleph) 005772462 | ||
| 090 |
_a5045676 _c5045676 |
||
| 100 | _a20030616d1987 |||y0rusy50 ca | ||
| 101 | 0 | _arus | |
| 102 | _aRU | ||
| 105 | _aa ||||||||| | ||
| 200 | 1 |
_aСтроительство и эксплуатация рудников подземного выщелачивания _f[В.Н. Мосинец, Д.П. Лобанов, М.Н. Тадеев и др.] _gПод общ. ред. В.Н. Мосинца |
|
| 210 |
_aМ. _cНедра _d1987 |
||
| 215 |
_a303, [1] с. _cил. _d23 |
||
| 300 | _aАвт. указаны на обороте тит. л. | ||
| 320 | _aБиблиогр.: с. 299-301 (54 назв.) | ||
| 701 | 1 |
_aМосинец _bВ.Н. _gВладимир Николаевич |
|
| 801 | 0 |
_aRU _bNLR _gpsbo |
|
| 801 | 1 |
_aRU _bELAR _2rusmarc |
|
| 852 |
_aNLR _j87-5/4581 |
||
| 942 | _cBOOK | ||
| 980 | _aNB | ||